[Event "Quebec Montcalm 2 2007-08"]
[Site "Quebec"]
[Date "2007.11.01"]
[Round "4"]
[White "Bonneau, Daniel"]
[Black "Auger, Bertrand"]
[Result "1-0"]
[WhiteElo "1996"]
[BlackElo "2031"]
[PlyCount "59"]
[EventDate "2007.10.11"]
[EventType "swiss"]
[EventRounds "5"]
[EventCountry "CAN"]
[SourceTitle "EXT 2022"]
[Source "ChessBase"]
[SourceDate "2021.10.06"]
[SourceVersion "1"]
[SourceVersionDate "2021.10.06"]
[SourceQuality "1"]

1. d4 e6 2. c4 Nf6 3. Nf3 b6 4. a3 Bb7 5. Nc3 Be7 6. d5 exd5 7. cxd5 0-0 8. e4 d6 9. Be2 Re8 10. Nd4 a6 11. 0-0 Bf8 12. f3 g6 13. Bg5 h6 14. Bh4 Bg7 15. Rc1 Nbd7 16. Na2 g5 17. Bf2 Ne5 18. Nb4 Ng6 19. Qc2 Nf4 20. Rfe1 Nxe2+ 21. Rxe2 a5 22. Nbc6 Qd7 23. Qd1 g4 24. Nf5 Bf8 25. Bh4 gxf3 26. gxf3 Nh7 27. Rg2+ Kh8 28. Qd4+ f6 29. Bxf6+ Nxf6 30. Qxf6+ 1-0

[Event "Quebec Montcalm 1 2007-08"]
[Site "Quebec"]
[Date "2007.10.04"]
[Round "5"]
[White "Caire, Francois"]
[Black "Bonneau, Daniel"]
[Result "1-0"]
[WhiteElo "2222"]
[BlackElo "2007"]
[PlyCount "79"]
[EventDate "2007.09.06"]
[EventType "swiss"]
[EventRounds "5"]
[EventCountry "CAN"]
[SourceTitle "EXT 2022"]
[Source "ChessBase"]
[SourceDate "2021.10.06"]
[SourceVersion "1"]
[SourceVersionDate "2021.10.06"]
[SourceQuality "1"]

1. d4 Nf6 2. c4 g6 3. Nc3 Bg7 4. e4 d6 5. Nf3 0-0 6. Be2 e5 7. 0-0 Nc6 8. d5 Ne7 9. Ne1 Nd7 10. Be3 f5 11. f3 f4 12. Bf2 g5 13. Rc1 Rf6 14. Nd3 Rh6 15. c5 Nf6 16. Nb5 Qe8 17. Nxc7 Qh5 18. h4 gxh4 19. Kh2 Qg5 20. Nxa8 Nh5 21. Qe1 Ng3 22. cxd6 Rxd6 23. Rg1 Rh6 24. Bf1 h3 25. Rxc8+ Nxc8 26. gxh3 Nd6 27. Nc7 Qh5 28. Bxg3 fxg3+ 29. Rxg3 Nf7 30. Ne6 Rg6 31. Rxg6 hxg6 32. Qg3 Bf6 33. Bg2 Nh6 34. Nec5 Nf7 35. Nxb7 Qh6 36. d6 Qd2 37. Qxg6+ Bg7 38. Nbc5 Ng5 39. d7 Nxf3+ 40. Kg3 1-0

[Event "Quebec Montcalm op 3 2006-07"]
[Site "Quebec"]
[Date "2006.12.14"]
[Round "5"]
[White "Perreault, Jacquelin"]
[Black "Bonneau, Daniel"]
[Result "1-0"]
[WhiteElo "1824"]
[BlackElo "2032"]
[PlyCount "71"]
[EventDate "2006.11.16"]
[EventType "swiss"]
[EventRounds "5"]
[EventCountry "CAN"]
[SourceTitle "EXT 2022"]
[Source "ChessBase"]
[SourceDate "2021.10.06"]
[SourceVersion "1"]
[SourceVersionDate "2021.10.06"]
[SourceQuality "1"]

1. e4 d6 2. d4 Nf6 3. Nc3 g6 4. Be3 c6 5. a4 b6 6. Be2 Qc7 7. h4 h5 8. Nh3 e5 9. d5 cxd5 10. Nxd5 Nxd5 11. exd5 Bg7 12. Ng5 Nd7 13. c4 a5 14. Bd3 Nc5 15. Ne4 Bd7 16. Nxc5 bxc5 17. Bc2 Rb8 18. b3 0-0 19. Qd2 Kh7 20. 0-0 f5 21. g3 f4 22. gxf4 exf4 23. Bxf4 Bxa1 24. Rxa1 Bf5 25. Bg5 Bxc2 26. Qxc2 Rf3 27. Re1 Rf7 28. Re6 Rg8 29. Qc3 Qb8 30. Qg3 Rd7 31. Be7 Qb4 32. Bxd6 Qd2 33. Bf4 Qd1+ 34. Kh2 Rb7 35. Qg5 Rgg7 36. Re8 1-0

[Event "Quebec Montcalm op 3 2006-07"]
[Site "Quebec"]
[Date "2006.12.06"]
[Round "4"]
[White "Bonneau, Daniel"]
[Black "Sauve, Richard"]
[Result "0-1"]
[WhiteElo "2032"]
[BlackElo "2020"]
[PlyCount "118"]
[EventDate "2006.11.16"]
[EventType "swiss"]
[EventRounds "5"]
[EventCountry "CAN"]
[SourceTitle "EXT 2022"]
[Source "ChessBase"]
[SourceDate "2021.10.06"]
[SourceVersion "1"]
[SourceVersionDate "2021.10.06"]
[SourceQuality "1"]

1. e4 e6 2. d4 d5 3. Nc3 Nf6 4. e5 Nfd7 5. f4 c5 6. Nf3 Nc6 7. Be3 cxd4 8. Nxd4 Bc5 9. Qd2 0-0 10. 0-0-0 a6 11. Kb1 Nxd4 12. Bxd4 b5 13. Qe3 Qb6 14. g4 Bxd4 15. Rxd4 f6 16. exf6 Nxf6 17. h3 Bd7 18. Bg2 b4 19. Ne2 Rac8 20. Qd2 a5 21. g5 Ne8 22. Ng3 Nd6 23. Bf1 Bb5 24. Qe3 Rfe8 25. Bxb5 Nxb5 26. Rd3 Qxe3 27. Rxe3 Nd4 28. Rh2 Kf7 29. Rd2 Nb5 30. Kc1 g6 31. Nh1 Rc4 32. Rf3 Ke7 33. b3 Rc3 34. Rdd3 Rxd3 35. Rxd3 Nc3 36. a3 Ne2+ 37. Kb2 Nxf4 38. Rf3 e5 39. Nf2 Ke6 40. Ng4 Rc8 41. axb4 axb4 42. h4 Rc7 43. Nf6 h5 44. Rf1 Rc3 45. Ra1 Rh3 46. Ra6+ Kf5 47. Rd6 Rxh4 48. Nxd5 Nxd5 49. Rxd5 Rd4 50. Rc5 h4 51. c3 bxc3+ 52. Kxc3 h3 53. Ra5 h2 54. Ra1 Kxg5 55. b4 Rh4 56. Rh1 Kf5 57. b5 Ke6 58. Kd3 Kd5 59. Ke3 Kc5 0-1

[Event "Quebec Inter-clubs"]
[Site "Quebec"]
[Date "2006.10.22"]
[Round "3"]
[White "Bonneau, Daniel"]
[Black "Masse, Hugues"]
[Result "1-0"]
[WhiteElo "1936"]
[BlackElo "2028"]
[PlyCount "58"]
[EventDate "2006.10.21"]
[EventType "swiss"]
[EventRounds "4"]
[EventCountry "CAN"]
[SourceTitle "EXT 2022"]
[Source "ChessBase"]
[SourceDate "2021.10.06"]
[SourceVersion "1"]
[SourceVersionDate "2021.10.06"]
[SourceQuality "1"]

1. d4 d5 2. c4 c6 3. Nc3 Nf6 4. Nf3 dxc4 5. a4 Na6 6. e4 Bg4 7. Be3 e6 8. Bxc4 Be7 9. 0-0 Nb4 10. Be2 0-0 11. h3 Bh5 12. Ne5 Bxe2 13. Qxe2 Nd7 14. Nxd7 Qxd7 15. Rad1 Rfd8 16. f4 Qc7 17. f5 exf5 18. Rxf5 Bf8 19. Rdf1 Rd7 20. Bf4 Qb6 21. Be3 Qa6 22. Qf3 Qc4 23. e5 Nd5 24. Rxf7 Qxf1+ 25. Qxf1 Rxf7 26. Qe2 Nxe3 27. Qxe3 Be7 28. Ne4 Raf8 29. Qb3 Kh8 1-0

[Event "Quebec Inter-clubs"]
[Site "Quebec"]
[Date "2006.10.21"]
[Round "2"]
[White "Bonneau, Daniel"]
[Black "Fareh, Youness"]
[Result "0-1"]
[WhiteElo "1960"]
[BlackElo "2167"]
[PlyCount "59"]
[EventDate "2006.10.21"]
[EventType "swiss"]
[EventRounds "4"]
[EventCountry "CAN"]
[SourceTitle "EXT 2022"]
[Source "ChessBase"]
[SourceDate "2021.10.06"]
[SourceVersion "1"]
[SourceVersionDate "2021.10.06"]
[SourceQuality "1"]

1. d4 Nf6 2. Nf3 g6 3. c4 Bg7 4. Nc3 d6 5. e4 0-0 6. Be2 e5 7. Be3 exd4 8. Nxd4 Nc6 9. 0-0 Re8 10. f3 Nh5 11. Nxc6 bxc6 12. Qd2 a5 13. Rad1 Qe7 14. Rfe1 Ba6 15. b3 f5 16. Bf1 f4 17. Bf2 g5 18. Ne2 c5 19. Nc3 Bb7 20. Nd5 Qf7 21. Bd3 Be5 22. a3 Qg7 23. Qe2 Rab8 24. Bc2 Bc8 25. Rd3 c6 26. b4 cxd5 27. bxc5 dxc4 28. Rdd1 dxc5 29. Qxc4+ Be6 30. Qa4 0-1

[Event "Quebec Festival"]
[Site "Quebec"]
[Date "2006.07.10"]
[Round "4"]
[White "Bonneau, Daniel"]
[Black "Cournoyer, Dominic"]
[Result "1-0"]
[WhiteElo "2024"]
[BlackElo "1803"]
[PlyCount "62"]
[EventDate "2006.06.19"]
[EventType "swiss"]
[EventRounds "5"]
[EventCountry "CAN"]
[SourceTitle "EXT 2009"]
[Source "ChessBase"]
[SourceDate "2008.11.26"]
[SourceVersion "1"]
[SourceVersionDate "2008.11.26"]
[SourceQuality "1"]

1. d4 Na6 2. e4 c6 3. Nf3 d6 4. c3 Nc7 5. Bd3 g6 6. Qe2 Bg7 7. 0-0 Nf6 8. h3 0-0 9. Bf4 Ne6 10. Bh2 Nh5 11. Qd2 Nf6 12. Na3 a6 13. Nc2 b5 14. Rfe1 Bb7 15. Rad1 c5 16. d5 Nc7 17. Ne3 Nd7 18. Qc2 Ne8 19. Nd2 Nef6 20. f4 Qb6 21. c4 Rfe8 22. Nf3 Kh8 23. Kh1 Rac8 24. Ng5 h6 25. Nxf7+ Kg8 26. e5 dxe5 27. fxe5 Kxf7 28. Bxg6+ Kg8 29. exf6 Bxf6 30. Bxe8 Rxe8 31. Qg6+ Bg7 1-0